| 000 | 00323nam a22001337a 4500 | ||
|---|---|---|---|
| 020 | _qPB. | ||
| 040 | _cFIZZA ISHAQ | ||
| 082 |
_a006.37 _bGAB |
||
| 100 |
_aKREIMAN,GABRIEL. _990737 |
||
| 245 |
_aBIOLOGICA AND COMPUTER VISION / _cGABRIEL KREIMAN. |
||
| 260 |
_aNEW YORK ; _c2021. |
||
| 300 | _a251 P. ; | ||
| 942 |
_2ddc _cBK |
||
| 999 |
_c588958 _d588958 |
||